000 01002cam a2200361 c 4500
001 a50562
003 DO-SdBNP
005 20171121134051.0
007 a50562
008 110601s2011 sp | |||| 001 0aspa
015 _a
017 _a
_b
020 _a9788466320047
035 _a
040 _aBPMSU
_bspa
_cBPMSU
_e
080 _a
080 _a
082 4 _2
_a928.61
_bV297p, 2011
100 1 _aVargas Llosa, Mario,
_d1936-
245 1 3 _aEl pez en el agua /
_h
_cMario Vargas Llosa
250 _a 2a. ed.
260 _a[Madrid] :
_bSantillana,
_c2011
300 _a618 p.:
_c19 cm
490 1 _aPunto de lectura
_v4/16
500 _aIncluye índice onomástico
500 _aIncluye datos biográficos del autor
586 _aPremio Nobel de Literatura, 2010
600 1 7 _aVARGAS LLOSA, MARIO,
_d1936-
_2
830 0 _aPunto de lectura
_v4/16
942 _2ddc
_cBK
945 _aInventariado extranjero / 2017 VM
956 _aVMATEO
_b10
_c20160707
_dBPMSU
_f00069
999 _c10751
_d10751